LIBRARY & INFORMATION CENTRE, KCAET, TAVANUR

ONLINE PUBLIC ACCESS CATALOGUE (OPAC)

Soils: their formation, classification and distribution / (Record no. 9449)

MARC details
000 -LEADER
fixed length control field 00443cam a2200169ua 4500
020 ## - INTERNATIONAL STANDARD BOOK NUMBER
ISBN 0 582 30116 5
041 ## - LANGUAGE CODE
Language code of text/sound track or separate title eng
082 ## - DEWEY DECIMAL CLASSIFICATION NUMBER
Classification number 631.4
Item number FIT/SO
100 ## - MAIN ENTRY--AUTHOR NAME
Personal name Fitzpatrick, E A .
245 ## - TITLE STATEMENT
Title Soils: their formation, classification and distribution /
250 ## - EDITION STATEMENT
Edition statement 1 /
260 ## - PUBLICATION, DISTRIBUTION, ETC. (IMPRINT)
Place of publication London :
Name of publisher Longman ,
Year of publication 1983.
300 ## - PHYSICAL DESCRIPTION
Number of Pages 353 ; .
942 ## - ADDED ENTRY ELEMENTS (KOHA)
Koha item type Books
Holdings
Withdrawn status Lost status Damaged status Home library Current library Date acquired Full call number Accession Number Koha item type
      KAUAET KAUAET 08/09/1986 631.4 15736 Books
free website counter